| 000 | 00630nam a2200181 a 4500 | ||
|---|---|---|---|
| 008 | 120416s1993 ||||||||||||||||| || u | ||
| 020 | _a0582081165 | ||
| 050 | _aHD 4431 Mas | ||
| 100 | _aMassam, Bryan H | ||
| 245 | 1 | 4 | _aThe right place |
| 246 | _ashared responsibility and the location of public facilities | ||
| 260 |
_aHarlow _bLongman _c1993 |
||
| 300 | _axviii, 321p. : ill | ||
| 350 | _a0.00 | ||
| 650 | _aPUBLIC FACILITIES--MANAGEMENT | ||
| 650 | 0 | _aBUSINESS | |
| 995 |
_D0.00 _FCBU-MAIN LIBRARY (Kitwe) _H1 _I37.00 _M1 _UAVAILABLE _ZAnnex Low-Usage Collection |
||
| 999 |
_c56544 _d56544 |
||